[Event "ODJM B 2018"]
[Site "Willingen GER"]
[Date "2018.05.21"]
[Round "3"]
[White "Abou Wally, Adrian"]
[Black "Lorenz, Keana"]
[Result "0-1"]
[Termination "normal"]
[Board "56"]
[WhiteElo "1183"]
[BlackElo "1439"]
[PlyCount "90"]
[WhiteFideId "16245113"]
[BlackFideId "12990248"]
[EventCountry "GER"]
[EventRounds "9"]
[EventType "swiss"]
[EventDate "2018.05.19"]

1. e4 c5 2. Nf3 Nc6 3. Bc4 e6 4. Nc3 Nge7 5. d3 g6 6. Bf4 a6 7. a4 Bg7 8. O-O
O-O 9. Bd6 Re8 10. Bxc5 d6 11. Be3 d5 12. exd5 exd5 13. Nxd5 Nxd5 14. Bd2 Bxb2
15. Rb1 Nc3 16. Bxc3 Bxc3 17. Rb3 Bg7 18. Qd2 Bg4 19. Ng5 Ne5 20. Rc3 Rc8 21.
Qf4 Rf8 22. Rb3 Nxc4 23. dxc4 Bf5 24. Rxb7 Bh6 25. h4 f6 26. Rxh7 fxg5 27. hxg5
Kxh7 28. gxh6 Rc5 29. Re1 Bxc2 30. Qe3 Rc7 31. Rc1 Bxa4 32. c5 Re7 33. Qc3 Rf5
34. g4 Rd5 35. Kg2 Bc6 36. Kh2 Qc7+ 37. Kh3 Red7 38. Qb2 Rd3+ 39. Kh4 Qd8+ 40.
g5 R7d4+ 41. Qxd4 Rxd4+ 42. Kh3 Qd7+ 43. Kh2 Rh4+ 44. Kg1 Qg4+ 45. Kf1 Rh1# 0-1

[Event "ODJM B 2018"]
[Site "Willingen GER"]
[Date "2018.05.21"]
[Round "3"]
[White "König, Dominik"]
[Black "Becker, Lukas"]
[Result "0-1"]
[Termination "normal"]
[Board "57"]
[WhiteElo "1296"]
[BlackElo "1540"]
[PlyCount "34"]
[WhiteFideId "16245148"]
[EventCountry "GER"]
[EventRounds "9"]
[EventType "swiss"]
[EventDate "2018.05.19"]

1. e4 g6 2. d4 Bg7 3. Nf3 d6 4. Nc3 Nf6 5. Be3 O-O 6. Qd2 a6 7. Be2 Re8 8. O-O
b5 9. Bh6 Bh8 10. Nh4 b4 11. Nd1 Nxe4 12. Qxb4 Nc6 13. Qc4 Nxd4 14. Bd3 Nd2 15.
Qd5 Be6 16. Qg5 Nxf1 17. f4 Bf6 0-1

[Event "ODJM B 2018"]
[Site "Willingen GER"]
[Date "2018.05.21"]
[Round "3"]
[White "Raasch, Hauke"]
[Black "Guo, Philipp Ziming"]
[Result "1-0"]
[Termination "normal"]
[Board "58"]
[WhiteElo "1555"]
[BlackElo "1453"]
[PlyCount "77"]
[WhiteFideId "16210034"]
[BlackFideId "16245199"]
[EventCountry "GER"]
[EventRounds "9"]
[EventType "swiss"]
[EventDate "2018.05.19"]

1. e4 e5 2. Nf3 Nc6 3. c3 Nf6 4. d4 Nxe4 5. d5 Ne7 6. Nxe5 d6 7. Bb5+ c6 8.
dxc6 bxc6 9. Nxc6 Qb6 10. Nd4+ Bd7 11. Bxd7+ Kxd7 12. Qe2 Re8 13. O-O Nf6 14.
Qc2 g6 15. Qa4+ Kd8 16. Na3 d5 17. Bf4 a6 18. Rad1 Ne4 19. Rfe1 Bg7 20. Rxe4
Qb7 21. Qa5+ Kc8 22. Qc5+ Kd8 23. Rxe7 Rxe7 24. Nc6+ Ke8 25. Qxe7+ Qxe7 26.
Nxe7 Kxe7 27. Rxd5 Rc8 28. f3 Bf8 29. Ra5 Rc6 30. Nc2 Kd7 31. Kf2 Bc5+ 32. Be3
Be7 33. Nd4 Rd6 34. Ke2 Bd8 35. Ra4 Kc8 36. Rc4+ Kb7 37. Nb3 h5 38. Nc5+ Ka8
39. Rd4 1-0

[Event "ODJM B 2018"]
[Site "Willingen GER"]
[Date "2018.05.21"]
[Round "3"]
[White "Reuter, Max"]
[Black "Hallfarth, Luise"]
[Result "1/2-1/2"]
[Termination "normal"]
[Board "59"]
[WhiteElo "1518"]
[BlackElo "1425"]
[PlyCount "116"]
[WhiteFideId "16263715"]
[BlackFideId "16250222"]
[EventCountry "GER"]
[EventRounds "9"]
[EventType "swiss"]
[EventDate "2018.05.19"]

1. e4 c5 2. Nc3 Nc6 3. f4 g6 4. Bc4 e6 5. Nf3 Nge7 6. e5 d5 7. exd6 Nf5 8. O-O
Nxd6 9. Bb3 Bg7 10. a3 O-O 11. d3 Nf5 12. Ne4 b6 13. Ba2 Bb7 14. Qe1 Ncd4 15.
Nxd4 Nxd4 16. Qf2 Nf5 17. Qe2 Qh4 18. c3 Rad8 19. Bd2 Ba6 20. Rf3 Qh5 21. Nf2
Nh4 22. g4 Nxf3+ 23. Qxf3 Qh4 24. f5 Qe7 25. Re1 c4 26. d4 Bb7 27. Ne4 Bd5 28.
f6 Bxe4 29. fxe7 Bxf3 30. exf8=Q+ Kxf8 31. Bxc4 Bxg4 32. b4 Rd6 33. a4 Bf6 34.
b5 Rd7 35. Bf4 g5 36. Be5 Be7 37. Kg2 f6 38. Bb8 Kf7 39. h3 Bf5 40. Rf1 Be4+
41. Kf2 Bc2 42. Re1 Bf5 43. Re3 Ba3 44. Kg2 Re7 45. d5 exd5 46. Bxd5+ Be6 47.
Rxe6 Rxe6 48. Bxe6+ Kxe6 49. Bxa7 Bc5 50. a5 Kd5 51. axb6 Kc4 52. Bb8 Bxb6 53.
Bd6 Kxc3 54. Be7 f5 55. Bxg5 Kc4 56. Kf3 Kxb5 57. Kf4 Bf2 58. Kxf5 Kc4 1/2-1/2

[Event "ODJM B 2018"]
[Site "Willingen GER"]
[Date "2018.05.21"]
[Round "3"]
[White "Trams, Emma Joe"]
[Black "Hagenbeck-Hübert, Jan"]
[Result "1/2-1/2"]
[Termination "normal"]
[Board "60"]
[WhiteElo "1359"]
[BlackElo "1493"]
[PlyCount "72"]
[WhiteFideId "16206517"]
[BlackFideId "16259505"]
[EventCountry "GER"]
[EventRounds "9"]
[EventType "swiss"]
[EventDate "2018.05.19"]

1. e4 e5 2. Nf3 Nc6 3. Bb5 d6 4. h3 Nf6 5. d3 Be7 6. Bg5 O-O 7. O-O a6 8. Bc4
Be6 9. Bxe6 fxe6 10. Re1 h6 11. Bh4 Qe8 12. c3 Rb8 13. d4 exd4 14. cxd4 Nd7 15.
d5 Nce5 16. Nxe5 Bxh4 17. Nd3 exd5 18. exd5 Qf7 19. Rf1 Qxd5 20. Nc3 Qd4 21.
Ne2 Qd5 22. Nef4 Qf7 23. Qg4 Bg5 24. Ne6 Rfc8 25. Nxg5 hxg5 26. Qxg5 Qf6 27.
Qg4 Ne5 28. Nxe5 Qxe5 29. Qc4+ d5 30. Qb3 c6 31. Rfe1 Qf6 32. Re3 Rf8 33. Rf3
Qe7 34. Re3 Qd6 35. Rae1 Qc5 36. Qd3 Qd6 1/2-1/2

[Event "ODJM B 2018"]
[Site "Willingen GER"]
[Date "2018.05.22"]
[Round "4"]
[White "Grunert, Wilhelm"]
[Black "Pauls, Fynn"]
[Result "1/2-1/2"]
[Termination "normal"]
[Board "1"]
[WhiteElo "1607"]
[BlackElo "1789"]
[WhiteClock "01:04:08"]
[BlackClock "00:18:43"]
[PlyCount "40"]
[WhiteFideId "12995673"]
[BlackFideId "16213149"]
[EventCountry "GER"]
[EventRounds "9"]
[EventType "swiss"]
[EventDate "2018.05.19"]

1. e4 {[%clk 1:30:58]} 1... d6 {[%clk 1:30:57]} 2. d4 {[%clk 1:31:19]} 2... Nf6
{[%clk 1:31:24]} 3. Nc3 {[%clk 1:31:35]} 3... g6 {[%clk 1:31:52]} 4. f3 { [%clk
1:31:49]} 4... c6 {[%clk 1:31:40]} 5. Be3 {[%clk 1:31:48]} 5... b5 { [%clk
1:31:30]} 6. Qd2 {[%clk 1:31:46]} 6... Nbd7 {[%clk 1:24:48]} 7. O-O-O { [%clk
1:29:50]} 7... Qa5 {[%clk 1:18:53]} 8. Kb1 {[%clk 1:28:07]} 8... Nb6 { [%clk
1:03:17]} 9. Bd3 {[%clk 1:24:05]} 9... b4 {[%clk 0:54:41]} 10. Nce2 { [%clk
1:21:57]} 10... Be6 {[%clk 0:53:13]} 11. Nc1 {[%clk 1:21:02]} 11... Rc8 { [%clk
0:45:36]} 12. Nb3 {[%clk 1:18:08]} 12... Qa4 {[%clk 0:42:15]} 13. Qe2 { [%clk
1:12:43]} 13... Bg7 {[%clk 0:38:57]} 14. g4 {[%clk 1:11:27]} 14... O-O { [%clk
0:32:35]} 15. h4 {[%clk 1:11:20]} 15... h5 {[%clk 0:29:13]} 16. g5 { [%clk
1:09:34]} 16... Ne8 {[%clk 0:28:31]} 17. f4 {[%clk 1:05:52]} 17... Bg4 { [%clk
0:26:00]} 18. Nf3 {[%clk 1:06:17]} 18... c5 {[%clk 0:19:32]} 19. Bb5 { [%clk
1:03:43]} 19... Bxf3 {[%clk 0:19:31]} 20. Qf1 {[%clk 1:04:08]} 20... Bg2 {[%clk
0:18:43]} 1/2-1/2

[Event "ODJM B 2018"]
[Site "Willingen GER"]
[Date "2018.05.22"]
[Round "4"]
[White "Kovac, Linda"]
[Black "Brockmeyer, Tobias"]
[Result "0-1"]
[Termination "normal"]
[Board "2"]
[WhiteElo "1629"]
[BlackElo "1688"]
[WhiteClock "00:16:06"]
[BlackClock "00:02:36"]
[PlyCount "82"]
[WhiteFideId "12938815"]
[BlackFideId "12982385"]
[EventCountry "GER"]
[EventRounds "9"]
[EventType "swiss"]
[EventDate "2018.05.19"]

1. d4 {[%clk 1:30:58]} 1... f5 {[%clk 1:31:00]} 2. Nf3 {[%clk 1:30:40]} 2...
Nf6 {[%clk 1:31:28]} 3. c4 {[%clk 1:29:42]} 3... g6 {[%clk 1:30:59]} 4. Nc3 {
[%clk 1:28:36]} 4... Bg7 {[%clk 1:29:49]} 5. Bf4 {[%clk 1:22:29]} 5... d6 {
[%clk 1:27:06]} 6. e3 {[%clk 1:18:15]} 6... O-O {[%clk 1:27:04]} 7. Bd3 { [%clk
1:18:25]} 7... Nh5 {[%clk 1:17:22]} 8. Bg3 {[%clk 1:18:02]} 8... Qe8 { [%clk
1:16:40]} 9. Nd5 {[%clk 1:12:31]} 9... Na6 {[%clk 1:14:58]} 10. Ng5 { [%clk
1:02:52]} 10... c6 {[%clk 1:09:18]} 11. Nf4 {[%clk 1:00:15]} 11... Nxf4 { [%clk
1:09:24]} 12. Bxf4 {[%clk 0:59:13]} 12... e5 {[%clk 1:08:53]} 13. dxe5 { [%clk
0:57:50]} 13... dxe5 {[%clk 1:08:50]} 14. Bg3 {[%clk 0:55:34]} 14... h6 { [%clk
1:03:03]} 15. Nh3 {[%clk 0:54:33]} 15... e4 {[%clk 1:02:28]} 16. Be2 { [%clk
0:50:17]} 16... Bxb2 {[%clk 1:00:30]} 17. O-O {[%clk 0:49:01]} 17... Bxa1
{[%clk 0:53:20]} 18. Qxa1 {[%clk 0:49:19]} 18... Be6 {[%clk 0:52:36]} 19. Bd6 {
[%clk 0:49:19]} 19... Rf7 {[%clk 0:47:35]} 20. Nf4 {[%clk 0:48:31]} 20... Rd7 {
[%clk 0:46:29]} 21. Qf6 {[%clk 0:44:23]} 21... Rxd6 {[%clk 0:44:18]} 22. Nxg6 {
[%clk 0:44:39]} 22... Kh7 {[%clk 0:40:57]} 23. Bh5 {[%clk 0:44:30]} 23... Bf7 {
[%clk 0:35:57]} 24. Qxd6 {[%clk 0:41:55]} 24... Bxg6 {[%clk 0:33:58]} 25. Bxg6+
{[%clk 0:38:52]} 25... Qxg6 {[%clk 0:34:26]} 26. Qd7+ {[%clk 0:39:01]} 26...
Qg7 {[%clk 0:34:54]} 27. Qxf5+ {[%clk 0:39:11]} 27... Qg6 {[%clk 0:28:17]} 28.
Qd7+ {[%clk 0:38:19]} 28... Qg7 {[%clk 0:28:46]} 29. Qf5+ {[%clk 0:38:16]}
29... Kh8 {[%clk 0:28:15]} 30. Rd1 {[%clk 0:36:58]} 30... Rf8 {[%clk 0:05:51]}
31. Qxe4 {[%clk 0:34:04]} 31... Qf6 {[%clk 0:04:37]} 32. f3 {[%clk 0:32:43]}
32... Nc5 {[%clk 0:03:23]} 33. Qc2 {[%clk 0:31:24]} 33... Rg8 {[%clk 0:01:51]}
34. Kf1 {[%clk 0:30:07]} 34... Qe5 {[%clk 0:01:24]} 35. f4 {[%clk 0:25:11]}
35... Qxe3 {[%clk 0:00:47]} 36. Qf5 {[%clk 0:25:24]} 36... Qe7 {[%clk 0:00:44]}
37. Re1 {[%clk 0:21:58]} 37... Qf8 {[%clk 0:01:13]} 38. Qe5+ {[%clk 0:21:15]}
38... Kh7 {[%clk 0:01:27]} 39. Rd1 {[%clk 0:18:27]} 39... Qg7 {[%clk 0:01:46]}
40. Qxc5 {[%clk 0:15:50]} 40... Qxg2+ {[%clk 0:02:14]} 41. Ke1 {[%clk 0:16:06]}
41... Re8+ {[%clk 0:02:36]} 0-1

[Event "ODJM B 2018"]
[Site "Willingen GER"]
[Date "2018.05.22"]
[Round "4"]
[White "Oberhofer, Marie"]
[Black "Lehmann, Tim"]
[Result "0-1"]
[Termination "normal"]
[Board "3"]
[WhiteElo "1751"]
[BlackElo "1781"]
[WhiteClock "00:01:08"]
[BlackClock "00:35:31"]
[PlyCount "72"]
[WhiteFideId "12938165"]
[BlackFideId "12979171"]
[EventCountry "GER"]
[EventRounds "9"]
[EventType "swiss"]
[EventDate "2018.05.19"]

1. e4 {[%clk 1:30:57]} 1... g6 {[%clk 1:30:48]} 2. d4 {[%clk 1:31:20]} 2... Bg7
{[%clk 1:31:12]} 3. g3 {[%clk 1:31:08]} 3... c5 {[%clk 1:30:10]} 4. Ne2 { [%clk
1:29:38]} 4... cxd4 {[%clk 1:23:51]} 5. Nxd4 {[%clk 1:27:50]} 5... Qb6 { [%clk
1:24:00]} 6. c3 {[%clk 1:24:10]} 6... Nc6 {[%clk 1:19:37]} 7. Nb3 { [%clk
1:22:49]} 7... Nf6 {[%clk 1:18:51]} 8. Be3 {[%clk 1:21:56]} 8... Qc7 { [%clk
1:18:36]} 9. Bg2 {[%clk 1:21:04]} 9... d6 {[%clk 1:12:46]} 10. h3 { [%clk
1:15:57]} 10... Ne5 {[%clk 1:12:37]} 11. Na3 {[%clk 1:05:16]} 11... Be6 { [%clk
0:57:42]} 12. Nd4 {[%clk 0:54:54]} 12... Bc4 {[%clk 0:55:51]} 13. Nxc4 { [%clk
0:53:09]} 13... Nxc4 {[%clk 0:56:10]} 14. Qa4+ {[%clk 0:52:37]} 14... Nd7
{[%clk 0:55:02]} 15. Bc1 {[%clk 0:44:44]} 15... a6 {[%clk 0:54:01]} 16. O-O {
[%clk 0:40:06]} 16... O-O {[%clk 0:54:19]} 17. Qd1 {[%clk 0:36:03]} 17... Rab8
{[%clk 0:53:04]} 18. b3 {[%clk 0:27:06]} 18... Nce5 {[%clk 0:52:10]} 19. c4 {
[%clk 0:10:34]} 19... b5 {[%clk 0:51:39]} 20. cxb5 {[%clk 0:10:01]} 20... axb5
{[%clk 0:44:26]} 21. f4 {[%clk 0:08:56]} 21... Nc6 {[%clk 0:44:24]} 22. Be3 {
[%clk 0:07:50]} 22... e5 {[%clk 0:42:10]} 23. Nxc6 {[%clk 0:07:50]} 23... Qxc6
{[%clk 0:42:30]} 24. Rc1 {[%clk 0:07:13]} 24... Qa6 {[%clk 0:42:34]} 25. Qd2 {
[%clk 0:07:14]} 25... exf4 {[%clk 0:42:15]} 26. gxf4 {[%clk 0:06:58]} 26... Nc5
{[%clk 0:40:40]} 27. Bxc5 {[%clk 0:05:12]} 27... dxc5 {[%clk 0:41:02]} 28. e5 {
[%clk 0:05:12]} 28... Rfd8 {[%clk 0:40:00]} 29. Qf2 {[%clk 0:04:44]} 29... c4 {
[%clk 0:38:41]} 30. bxc4 {[%clk 0:04:46]} 30... bxc4 {[%clk 0:38:51]} 31. Rfd1
{[%clk 0:04:01]} 31... Bf8 {[%clk 0:37:19]} 32. Bd5 {[%clk 0:02:22]} 32... Qa3
{[%clk 0:35:49]} 33. Qg2 {[%clk 0:01:11]} 33... Bc5+ {[%clk 0:34:23]} 34. Kh1 {
[%clk 0:01:09]} 34... Rxd5 {[%clk 0:34:39]} 35. Rxd5 {[%clk 0:00:46]} 35...
Qxc1+ {[%clk 0:35:03]} 36. Kh2 {[%clk 0:01:08]} 36... Qxf4+ {[%clk 0:35:31]}
0-1

[Event "ODJM B 2018"]
[Site "Willingen GER"]
[Date "2018.05.22"]
[Round "4"]
[White "Brunner, Tobias"]
[Black "Schneider, Edward"]
[Result "1-0"]
[Termination "normal"]
[Board "4"]
[WhiteElo "1919"]
[BlackElo "1768"]
[WhiteClock "00:42:29"]
[BlackClock "00:01:02"]
[PlyCount "157"]
[WhiteFideId "12949833"]
[BlackFideId "16200870"]
[EventCountry "GER"]
[EventRounds "9"]
[EventType "swiss"]
[EventDate "2018.05.19"]

1. e4 {[%clk 1:30:47]} 1... e5 {[%clk 1:30:55]} 2. Nf3 {[%clk 1:31:12]} 2...
Nc6 {[%clk 1:31:20]} 3. Bc4 {[%clk 1:31:28]} 3... Bc5 {[%clk 1:31:46]} 4. O-O {
[%clk 1:31:43]} 4... Nf6 {[%clk 1:32:03]} 5. d3 {[%clk 1:31:58]} 5... d6 {
[%clk 1:32:14]} 6. h3 {[%clk 1:32:22]} 6... h6 {[%clk 1:32:40]} 7. Be3 { [%clk
1:32:36]} 7... Bb6 {[%clk 1:32:57]} 8. Nbd2 {[%clk 1:32:16]} 8... g5 9. Nh2
{[%clk 1:31:18]} 9... g4 {[%clk 1:14:29]} 10. hxg4 {[%clk 1:28:49]} 10... Rg8
{[%clk 1:10:35]} 11. Bxb6 {[%clk 1:28:51]} 11... axb6 {[%clk 1:10:47]} 12. f3
{[%clk 1:29:11]} 12... h5 {[%clk 1:06:32]} 13. Qe1 {[%clk 1:25:49]} 13... Nd4
{[%clk 1:01:41]} 14. Rc1 {[%clk 1:21:29]} 14... b5 {[%clk 0:58:28]} 15. Bb3
{[%clk 1:21:48]} 15... hxg4 {[%clk 0:57:32]} 16. fxg4 {[%clk 1:02:42]} 16...
Nxb3 {[%clk 0:43:59]} 17. axb3 {[%clk 1:00:13]} 17... Nxg4 {[%clk 0:36:05]} 18.
Nxg4 {[%clk 0:59:07]} 18... Bxg4 {[%clk 0:35:04]} 19. Qf2 {[%clk 0:58:11]}
19... Qe7 {[%clk 0:33:23]} 20. Ra1 {[%clk 0:57:48]} 20... Rxa1 {[%clk 0:32:13]}
21. Rxa1 {[%clk 0:56:58]} 21... Kd7 {[%clk 0:31:06]} 22. Nf1 {[%clk 0:55:05]}
22... Rg7 {[%clk 0:20:12]} 23. Ne3 {[%clk 0:54:52]} 23... Qg5 {[%clk 0:18:33]}
24. Ra7 {[%clk 0:43:52]} 24... Rh7 {[%clk 0:11:18]} 25. Qg3 {[%clk 0:40:55]}
25... Rh4 {[%clk 0:07:10]} 26. Kf2 {[%clk 0:35:23]} 26... Qh5 {[%clk 0:05:07]}
27. Nd5 {[%clk 0:33:11]} 27... Qh6 {[%clk 0:03:14]} 28. Qe3 {[%clk 0:33:01]}
28... Qxe3+ {[%clk 0:02:36]} 29. Nxe3 {[%clk 0:33:07]} 29... Be6 { [%clk
0:02:21]} 30. Rxb7 {[%clk 0:33:00]} 30... Kc6 {[%clk 0:02:16]} 31. Rb8 { [%clk
0:32:51]} 31... Rh1 {[%clk 0:02:17]} 32. Nf1 {[%clk 0:27:06]} 32... Rh6 { [%clk
0:01:47]} 33. c4 {[%clk 0:27:05]} 33... bxc4 {[%clk 0:01:58]} 34. bxc4 { [%clk
0:27:34]} 34... f5 {[%clk 0:01:56]} 35. exf5 {[%clk 0:25:07]} 35... Bxf5 {[%clk
0:02:11]} 36. Ke2 {[%clk 0:25:33]} 36... Rg6 {[%clk 0:01:48]} 37. Ne3 { [%clk
0:25:57]} 37... Be6 {[%clk 0:01:21]} 38. Re8 {[%clk 0:25:25]} 38... Kd7 { [%clk
0:01:20]} 39. Rh8 {[%clk 0:24:27]} 39... Rg7 {[%clk 0:01:05]} 40. b4 { [%clk
0:24:49]} 40... c6 {[%clk 0:00:54]} 41. Ra8 {[%clk 0:24:53]} 41... Rg6 { [%clk
0:30:09]} 42. Ra7+ {[%clk 0:55:29]} 42... Kc8 {[%clk 0:29:32]} 43. Kf2 { [%clk
0:48:33]} 43... Kb8 {[%clk 0:28:26]} 44. Re7 {[%clk 0:48:32]} 44... Kc8 { [%clk
0:27:15]} 45. b5 {[%clk 0:46:24]} 45... cxb5 {[%clk 0:25:58]} 46. cxb5 { [%clk
0:46:53]} 46... d5 {[%clk 0:25:35]} 47. b6 {[%clk 0:43:02]} 47... d4 { [%clk
0:19:10]} 48. b7+ {[%clk 0:43:23]} 48... Kb8 {[%clk 0:19:14]} 49. Nc4 { [%clk
0:43:28]} 49... Bxc4 {[%clk 0:18:14]} 50. dxc4 {[%clk 0:43:57]} 50... Rc6
{[%clk 0:18:01]} 51. Rxe5 {[%clk 0:44:07]} 51... Rxc4 {[%clk 0:14:51]} 52. Re7
{[%clk 0:43:37]} 52... Rc2+ {[%clk 0:13:44]} 53. Kf3 {[%clk 0:43:50]} 53... d3
{[%clk 0:12:51]} 54. Rd7 {[%clk 0:43:26]} 54... Rd2 {[%clk 0:10:14]} 55. g4 {
[%clk 0:43:22]} 55... Rd1 {[%clk 0:10:12]} 56. g5 {[%clk 0:42:29]} 56... d2 {
[%clk 0:10:07]} 57. Kf2 {[%clk 0:42:46]} 57... Re1 {[%clk 0:08:10]} 58. Rxd2 {
[%clk 0:42:55]} 58... Re5 {[%clk 0:08:22]} 59. g6 {[%clk 0:43:10]} 59... Rg5 {
[%clk 0:02:52]} 60. Rd6 {[%clk 0:43:28]} 60... Kxb7 {[%clk 0:02:47]} 61. Kf3 {
[%clk 0:43:12]} 61... Kc7 {[%clk 0:02:43]} 62. Kf4 {[%clk 0:43:12]} 62... Rg1 {
[%clk 0:01:52]} 63. Rf6 {[%clk 0:42:14]} 63... Kd7 {[%clk 0:01:40]} 64. Kf5 {
[%clk 0:42:27]} 64... Ke7 {[%clk 0:01:25]} 65. Rf7+ {[%clk 0:42:41]} 65... Ke8
{[%clk 0:01:45]} 66. Kf6 {[%clk 0:43:08]} 66... Rf1+ {[%clk 0:01:01]} 67. Kg7 {
[%clk 0:43:31]} 67... Rh1 {[%clk 0:00:59]} 68. Rf8+ {[%clk 0:43:00]} 68... Ke7
{[%clk 0:01:22]} 69. Rh8 {[%clk 0:43:23]} 69... Rg1 {[%clk 0:01:15]} 70. Rh4 {
[%clk 0:42:29]} 70... Rg2 {[%clk 0:00:40]} 71. Kh7 {[%clk 0:42:34]} 71... Kf6 {
[%clk 0:00:40]} 72. Rf4+ {[%clk 0:42:55]} 72... Kg5 {[%clk 0:00:38]} 73. Rf1 {
[%clk 0:42:07]} 73... Rh2+ {[%clk 0:00:45]} 74. Kg7 {[%clk 0:42:32]} 74... Rg2
{[%clk 0:00:49]} 75. Kf7 {[%clk 0:42:48]} 75... Ra2 {[%clk 0:00:39]} 76. g7 {
[%clk 0:41:23]} 76... Ra7+ {[%clk 0:00:55]} 77. Kg8 {[%clk 0:41:37]} 77... Ra8+
{[%clk 0:00:57]} 78. Kh7 {[%clk 0:42:03]} 78... Ra7 {[%clk 0:01:02]} 79. Kh8 {
[%clk 0:42:29]} 1-0

[Event "ODJM B 2018"]
[Site "Willingen GER"]
[Date "2018.05.22"]
[Round "4"]
[White "Yeremyan, Nazik"]
[Black "Petri, Ben-Luca"]
[Result "1-0"]
[Termination "normal"]
[Board "5"]
[WhiteElo "1681"]
[BlackElo "1767"]
[WhiteClock "00:13:28"]
[BlackClock "00:42:00"]
[PlyCount "76"]
[WhiteFideId "13311468"]
[BlackFideId "12947261"]
[EventCountry "GER"]
[EventRounds "9"]
[EventType "swiss"]
[EventDate "2018.05.19"]

1. d4 {[%clk 1:30:57]} 1... Nf6 {[%clk 1:30:51]} 2. Nf3 {[%clk 1:31:15]} 2...
d5 {[%clk 1:31:12]} 3. c4 {[%clk 1:31:12]} 3... g6 {[%clk 1:29:11]} 4. Nc3 {
[%clk 1:31:25]} 4... Bg7 {[%clk 1:29:38]} 5. e3 {[%clk 1:31:06]} 5... O-O {
[%clk 1:30:00]} 6. Be2 {[%clk 1:31:21]} 6... c6 {[%clk 1:29:01]} 7. O-O { [%clk
1:31:31]} 7... dxc4 {[%clk 1:27:48]} 8. Bxc4 {[%clk 1:31:34]} 8... Nbd7 { [%clk
1:28:15]} 9. b3 {[%clk 1:23:37]} 9... Nb6 {[%clk 1:25:44]} 10. Be2 { [%clk
1:22:45]} 10... Nbd5 {[%clk 1:23:23]} 11. Bb2 {[%clk 1:22:24]} 11... Nxc3
{[%clk 1:20:22]} 12. Bxc3 {[%clk 1:22:52]} 12... Be6 13. Bb2 {[%clk 1:19:55]}
13... Bd5 {[%clk 1:19:55]} 14. Rc1 {[%clk 1:19:28]} 14... Ne4 {[%clk 1:16:52]}
15. Ne5 {[%clk 1:17:22]} 15... f6 {[%clk 1:13:36]} 16. Nd3 {[%clk 1:16:24]}
16... Nd6 {[%clk 1:13:33]} 17. Re1 {[%clk 0:59:59]} 17... Qe8 {[%clk 1:09:17]}
18. Nb4 {[%clk 0:56:26]} 18... e6 {[%clk 1:04:22]} 19. f3 {[%clk 0:34:58]}
19... f5 {[%clk 1:04:17]} 20. Bf1 {[%clk 0:33:27]} 20... a5 {[%clk 0:58:16]}
21. Nd3 {[%clk 0:33:52]} 21... e5 {[%clk 0:47:08]} 22. Nxe5 {[%clk 0:30:44]}
22... Qd8 {[%clk 0:43:00]} 23. Nc4 {[%clk 0:27:36]} 23... b5 {[%clk 0:42:51]}
24. Ne5 {[%clk 0:22:16]} 24... Bxe5 {[%clk 0:40:59]} 25. dxe5 {[%clk 0:22:31]}
25... Nb7 {[%clk 0:40:25]} 26. e4 {[%clk 0:21:22]} 26... fxe4 {[%clk 0:40:36]}
27. fxe4 {[%clk 0:21:51]} 27... Qb6+ {[%clk 0:40:29]} 28. Bd4 {[%clk 0:21:53]}
28... c5 {[%clk 0:40:45]} 29. Bxc5 {[%clk 0:22:11]} 29... Nxc5 {[%clk 0:41:08]}
30. Qxd5+ {[%clk 0:21:47]} 30... Ne6+ {[%clk 0:41:31]} 31. Kh1 {[%clk 0:22:05]}
31... Rad8 {[%clk 0:40:35]} 32. Qxb5 {[%clk 0:17:37]} 32... Qf2 {[%clk 0:40:26]
} 33. Bc4 {[%clk 0:16:50]} 33... Rd2 {[%clk 0:39:52]} 34. Bxe6+ {[%clk 0:17:14]
} 34... Kh8 {[%clk 0:40:15]} 35. Bh3 {[%clk 0:16:56]} 35... Rc2 {[%clk 0:40:44]
} 36. Qf1 {[%clk 0:14:23]} 36... Qc5 {[%clk 0:41:12]} 37. Qxf8+ {[%clk 0:13:04]
} 37... Qxf8 {[%clk 0:41:40]} 38. Rxc2 {[%clk 0:13:28]} 38... Qb4 { [%clk
0:42:00]} 1-0

[Event "ODJM B 2018"]
[Site "Willingen GER"]
[Date "2018.05.22"]
[Round "4"]
[White "Breß, Aaron"]
[Black "Wastian, Mareike"]
[Result "1-0"]
[Termination "normal"]
[Board "6"]
[WhiteElo "1701"]
[BlackElo "1535"]
[WhiteClock "00:02:39"]
[BlackClock "00:28:57"]
[PlyCount "55"]
[WhiteFideId "12996432"]
[BlackFideId "12947423"]
[EventCountry "GER"]
[EventRounds "9"]
[EventType "swiss"]
[EventDate "2018.05.19"]

1. e4 {[%clk 1:30:53]} 1... d5 {[%clk 1:30:52]} 2. exd5 {[%clk 1:31:05]} 2...
Nf6 {[%clk 1:31:13]} 3. d4 {[%clk 1:31:07]} 3... Bg4 {[%clk 1:31:16]} 4. Nf3 {
[%clk 1:30:55]} 4... Qxd5 {[%clk 1:30:59]} 5. Be2 {[%clk 1:30:32]} 5... Nc6 {
[%clk 1:30:14]} 6. h3 {[%clk 1:30:20]} 6... Bxf3 {[%clk 1:28:13]} 7. Bxf3 {
[%clk 1:30:27]} 7... Qf5 {[%clk 1:27:22]} 8. O-O {[%clk 1:08:38]} 8... O-O-O {
[%clk 1:24:08]} 9. c3 {[%clk 1:05:33]} 9... Kb8 {[%clk 1:20:32]} 10. Qb3 {
[%clk 1:02:49]} 10... Qd7 {[%clk 1:19:14]} 11. Qxf7 {[%clk 0:58:34]} 11... h6 {
[%clk 1:13:09]} 12. Nd2 {[%clk 0:55:25]} 12... g5 {[%clk 1:09:45]} 13. Ne4 {
[%clk 0:50:21]} 13... Nxe4 {[%clk 1:05:18]} 14. Bxe4 {[%clk 0:50:36]} 14... Qd6
{[%clk 1:02:12]} 15. f4 {[%clk 0:42:35]} 15... Nxd4 {[%clk 0:59:29]} 16. Qc4 {
[%clk 0:29:00]} 16... Ne6 {[%clk 0:56:32]} 17. f5 {[%clk 0:20:35]} 17... Nc5 {
[%clk 0:52:11]} 18. Bc2 {[%clk 0:16:17]} 18... Bg7 {[%clk 0:49:27]} 19. Be3 {
[%clk 0:16:30]} 19... Nd7 {[%clk 0:47:56]} 20. Rad1 {[%clk 0:14:53]} 20... Nb6
{[%clk 0:43:06]} 21. Qe4 {[%clk 0:12:53]} 21... Qf6 {[%clk 0:41:13]} 22. Bc5 {
[%clk 0:11:44]} 22... Rxd1 {[%clk 0:38:16]} 23. Rxd1 {[%clk 0:11:50]} 23... Re8
{[%clk 0:37:34]} 24. Bb3 {[%clk 0:10:47]} 24... Qf8 {[%clk 0:34:21]} 25. a4 {
[%clk 0:05:38]} 25... a5 {[%clk 0:32:59]} 26. Qe6 {[%clk 0:02:51]} 26... Ka7 {
[%clk 0:30:55]} 27. Rd7 {[%clk 0:02:39]} 27... Bf6 {[%clk 0:28:57]} 28. Rxc7
1-0